ICT as a Mean for Enhancing Flexibility and Quality of Mathematical Subjects Teaching

Implementácia vyučovacieho modelu s podporou informačných a komunikačných technológií.

Guardado en:
Detalles Bibliográficos
Autor principal: Mišútová, Mária
Otros Autores: Mišút, Martin, 1962-
Formato: Capítulo de libro
Lenguaje:inglés
Materias:
Etiquetas: Agregar Etiqueta
Sin Etiquetas, Sea el primero en etiquetar este registro!

MARC

LEADER 00000naa a2200000 4500
001 0212512
005 20240502083532.1
041 0 |a eng 
044 |a CH 
245 1 0 |a ICT as a Mean for Enhancing Flexibility and Quality of Mathematical Subjects Teaching  |c Mária Mišútová, Martin Mišút 
520 |a Implementácia vyučovacieho modelu s podporou informačných a komunikačných technológií. 
610 2 0 |a technológie informačné 
610 2 0 |a technológie komunikačné 
610 2 0 |a matematika 
610 2 0 |a kvalita vzdelávania 
100 1 |a Mišútová, Mária 
700 1 |a Mišút, Martin, 1962-